Teatro Español : 1962-1963
Guardat en:
| Autor principal: | |
|---|---|
| Format: | Llibre |
| Idioma: | Undetermined |
| Publicat: |
Madrid, España
Aguilar
1964
|
| Matèries: | |
| Etiquetes: |
Afegir etiqueta
Sense etiquetes, Sigues el primer a etiquetar aquest registre!
|
MARC
| LEADER | 00000nam a2200000Ia 4500 | ||
|---|---|---|---|
| 008 | 170316s9999 xx 000 0 und d | ||
| 040 | |a cru BVZT | ||
| 090 | |a 862 C-4t | ||
| 100 | |a Calvo-Sotelo, Joaquín | ||
| 245 | |a Teatro Español : 1962-1963 | ||
| 260 | |a Madrid, España | ||
| 260 | |b Aguilar | ||
| 260 | |c 1964 | ||
| 300 | |a 404 páginas | ||
| 650 | |a LITERATURA ESPAÑOLA | ||
| 650 | |a TEATRO | ||
| 999 | |c 9766 |d 9766 | ||
| 942 | |c 15 D |h 862 C-4t |2 z | ||
